书目信息 |
| 题名: |
狐魅天下·第二部神武衣冠
|
|
| 作者: | 藤萍 著 | |
| 分册: | ||
| 出版信息: | 作家出版 2008.02 |
|
| 页数: | 239页 | |
| 开本: | 20cm | |
| 丛书名: | ||
| 单 册: | ||
| 中图分类: | I247.58 | |
| 科图分类: | ||
| 主题词: | 小说--中国 | |
| 电子资源: | ||
| ISBN: | 978-7-5063-4222-3 | |
| 000 | 00602nam0 2200229 45 | |
| 001 | 0931159939 | |
| 005 | 20091009084046.26 | |
| 010 | @a978-7-5063-4222-3@dCNY25.00 | |
| 100 | @a20090515d2008 ekmy0 y0120 ea | |
| 102 | @aCN@b130000 | |
| 102 | @aCN@b110000 | |
| 105 | @ay z 000yy | |
| 200 | 1 | @a狐魅天下·第二部神武衣冠@f藤萍著@Fteng ping zhu |
| 210 | @c作家出版@d2008.02 | |
| 210 | @a北京@c作家出版社 | |
| 215 | @a239页@d20cm | |
| 606 | 0 | @a小说@x中国 |
| 690 | @aI247.58@v4 | |
| 701 | 0 | @a藤萍@Ateng ping@4著 |
| 801 | 0 | @aCN@c20091009 |
| 905 | @a10447@dI247.58@eT427:2 | |
| 906 | @d25@n3@r1 | |
| 狐魅天下·第二部神武衣冠/藤萍著.-作家出版,2008.02.-北京:作家出版社 |
| 239页;20cm |
| ISBN 978-7-5063-4222-3:CNY25.00 |
| ● |
| 相关链接 |
|
|
|
正题名:狐魅天下·第二部神武衣冠
索取号:I247.58/T427:2
 
预约/预借
| 序号 | 登录号 | 条形码 | 馆藏地/架位号 | 状态 | 备注 |
| 1 | 656990 | 206569907 | 文学库108/108文学库 57排1列2层/ [索取号:I247.58/T427:2] | 在馆 | |
| 2 | 656991 | 206569916 | 社科二线400B/400B社科库 21排3列5层/ [索取号:I247.58/T427:2] | 在馆 | |
| 3 | 656992 | 206569925 | 文学库108/108文学库 57排1列2层/ [索取号:I247.58/T427:2] | 在馆 |